LEADER 01582nam a2200361 a 4500 001 000000128235 003 CaOOAMICUS 005 20120328090516.0 008 120328s2008 it u000 u ita r 020 $a978-88-7462-220-7 040 $aPUL$bita 041 1 $aita$hger 082 04$a142.7 100 1 $aReinach, Adolf,$d1883-1918?.$0(OLS)http://pul/name/34601 245 13$aLa visione delle idee ; il metodo del realismo fenomenologico /$cAdolf Reinach ; introduzione di Stefano Besoli, con un saggio di Alessandro Salice. 260 $aMacerata :$bQuodlibet,$c2008. 300 $a228 p. ;$c24 cm 490 1 $aLe forme dell'anima ;$v5 504 $aBibliografia in nota. 650 4$aFenomenologia.$0(OLS)http://pul/subject/1230 700 1 $aBesoli, Stefano.$0(OLS)http://pul/name/78766 700 1 $aSalice, Alessandro.$0(OLS)http://pul/name/81935 740 32$aIl metodo del realismo fenomenologico. 830 0$aForme dell'anima ;$v5.$0(OLS)http://pul/title/157209 850 $aPUL 852 $aPUL$W1$xSL Filosofia 3$y81$m142. 7 REIAD 1$j148404$qDDC 21$B147013$CPULBib$Z2$F147013 $H119370 $82 941 1 $a9 996 $6020$a978-88-7462-220-7$9(OLS)http://pul/number/149338 996 $6082$a142.7$9(OLS)http://pul/classification/1839 996 $6245$aLa visione delle idee ; il metodo del realismo fenomenologico$9(OLS)http://pul/title/162037 996 $6740$aIl metodo del realismo fenomenologico$9(OLS)http://pul/title/162038 996 $6260$aMacerata :$bQuodlibet$9(OLS)http://pul/publisher/70121 LEADER 01229nam a2200301 a 4500 001 000000125836 003 CaOOAMICUS 005 20110627122803.0 008 110627s2011 it u000 u ita r 020 $a978-88-420-9395-4 040 $aPUL$bita 082 04$a346.015 100 1 $aLenti, Leonardo.$0(OLS)http://pul/name/79623 245 10$aDiritto di famiglia e servizi sociali /$cLeonardo Lenti, Joëlle Long. 260 $aRoma ;$aBari :$bLaterza,$c©2011. 300 $aXV, 358 p. ;$c21 cm 490 1 $aManuali Laterza ;$v316 650 4$aDiritto di famiglia.$0(OLS)http://pul/subject/5174 700 1 $aLong, Joëlle.$0(OLS)http://pul/name/79947 830 0$aManuali Laterza ;$v316.$0(OLS)http://pul/title/2009 850 $aPUL 852 $aPUL$W1$xSL Diritto e Scienze Sociali 3$y79$m346. 015 LENLE 1$j144954$qDDC 21$B143963$CPULBib$Z2$F143963 $H116890 $82 941 1 $a9 996 $6020$a978-88-420-9395-4$9(OLS)http://pul/number/147594 996 $6082$a346.015$9(OLS)http://pul/classification/383 996 $6245$aDiritto di famiglia e servizi sociali$9(OLS)http://pul/title/158794 996 $6260$aRoma ;$aBari :$bLaterza$9(OLS)http://pul/publisher/57682